Consumers' tastes and the optimal price gap

Saved in:
Bibliographic Details
Main Author: Pettini, Anna
Format: Book
Language:English
Published: San Domenico (FI) European University Institute 1998
Series:EUI Working paper ECO No. 98/13
Subjects:
Tags: Add Tag
No Tags, Be the first to tag this record!

MARC

LEADER 00000nam a2200000 4500
001 c133232
005 20221109093303.4
041 0 |a eng 
044 |a IT 
245 1 0 |a Consumers' tastes and the optimal price gap  |c Anna Pettini 
264 1 |a San Domenico (FI)  |b European University Institute  |c 1998 
300 |a 37 s. 
490 1 |a EUI Working paper ECO  |v No. 98/13 
830 0 |a EUI Working paper ECO  |v No. 98/13 
610 2 0 |a spotreba 
610 2 0 |a spotrebitelia 
610 2 0 |a ceny 
610 2 0 |a modely ekonomicko-matematické 
610 2 0 |a modelovanie ekonometrické 
100 1 |a Pettini, Anna